Notes sur un manche de guitare - Statistiques

Statistiques générales
  • Ce quiz a été pris 601 fois
  • Le résultat moyen est 13 sur 20
Statistiques - réponses
Par images Réponse % Correct
Mi
83%
82%
Fa
75%
Fa
72%
Mi
70%
Sol
70%
Si
69%
Do
68%
La
68%
Mi
68%
68%
Sol
68%
La
67%
La#
67%
Mi
67%
Si
67%
Sol#
67%
Sol
67%
Fa#
66%
66%
Si
66%
Sol#
66%
Do#
65%
Si
65%
Do
64%
Do#
64%
La
64%
Ré#
64%
Do
63%
Fa#
63%
La
63%
Mi
63%
63%
Do#
62%
Ré#
62%
Sol
62%
Sol#
61%
Fa#
60%
La
60%
Fa#
59%
Fa
59%
Si
58%
Fa
57%
La#
56%
Ré#
55%
Sol#
55%
La#
54%
La#
50%
Aucun quiz correspondant
Distribution des résultats
% des personnes avec chaque résultat
Percentile par nombre de réponses
Votre historique - résultats
Vous n’avez pas pris ce quiz